Unequal : (Record no. 126913)
[ view plain ]
| 000 -LEADER | |
|---|---|
| campo de control de longitud fija | 01771nam a22002417a 4500 |
| 003 - IDENTIFICADOR DE NÚMERO DE CONTROL | |
| campo de control | BJBSDDR |
| 005 - FECHA Y HORA DE LA ÚLTIMA TRANSACCIÓN | |
| campo de control | 20260424104352.0 |
| 007 - CAMPO FIJO DE DESCRIPCIÓN FÍSICA--INFORMACIÓN GENERAL | |
| campo de control de longitud fija | ta |
| 008 - DATOS DE LONGITUD FIJA--INFORMACIÓN GENERAL | |
| campo de control de longitud fija | 260424s2025 nyu||||| |||| 00| 0 eng d |
| 020 ## - NÚMERO INTERNACIONAL ESTÁNDAR DEL LIBRO | |
| Número Internacional Estándar del Libro | 9781541606555 |
| 020 ## - NÚMERO INTERNACIONAL ESTÁNDAR DEL LIBRO | |
| Número Internacional Estándar del Libro | 1541606558 |
| 040 ## - FUENTE DE CATALOGACIÓN | |
| Lengua de catalogación | sap |
| Centro/agencia transcriptor | BJBSDDR |
| 041 ## - CÓDIGO DE IDIOMA | |
| Código de lengua del texto/banda sonora o título independiente | eng |
| 050 ## - SIGNATURA TOPOGRÁFICA DE LA BIBLIOTECA DEL CONGRESO | |
| Número de ítem | C518 2025 |
| 100 1# - ENTRADA PRINCIPAL--NOMBRE DE PERSONA | |
| Nombre de persona | Cheng, Eugenia |
| 9 (RLIN) | 48111 |
| 245 10 - MENCIÓN DEL TÍTULO | |
| Título | Unequal : |
| Resto del título | the math of when things do and don't add up / |
| Mención de responsabilidad, etc. | Eugenia Cheng |
| 250 ## - MENCION DE EDICION | |
| Mención de edición | First US edition |
| 260 ## - PUBLICACIÓN, DISTRIBUCIÓN, ETC. | |
| Lugar de publicación, distribución, etc. | New York : |
| Nombre del editor, distribuidor, etc. | Basic Books, |
| Fecha de publicación, distribución, etc. | 2025 |
| 300 ## - DESCRIPCIÓN FÍSICA | |
| Extensión | 386 pages : |
| Otras características físicas | illustrations ; |
| Dimensiones | 25 cm |
| 520 ## - RESUMEN, ETC. | |
| Sumario, etc. | Math is famous for its equations: 1 + 1 = 2, a^2 + b^2 = c^2, or y = mx + b. Much of the time it can seem like that's all mathematics is: following steps to show that what's on one side of an equation is the same as what's on the other. In Unequal, Eugenia Cheng shows that's just part of the story, and the boring part to boot. Mathematics isn't only about showing how numbers and symbols are the same. It isn't even just about numbers and symbols at all, but a world of shapes, symmetries, logical ideas, and more. And in that world, the boundary between things being equal and unequal is a gray area, or perhaps a rainbow of beautiful, vibrant, subtly nuanced color. As Unequal shows, once you go over that rainbow, almost everything can be considered equal and unequal at the same time, whether it's shapes (seen from the right perspective, a circle is the same as an ellipse), words (synonyms), or people - even numbers! It all depends on what features we care about. And it's up to us what we do about it. That's because mathematics isn't a series of rules, facts, or answers. It's an invitation to a more powerful way of thinking |
| 942 ## - ELEMENTOS DE ENTRADA SECUNDARIOS (KOHA) | |
| Fuente del sistema de clasificación o colocación | Clasificación de Library of Congress |
| Suprimir en OPAC | No |
| Tipo de ítem Koha | Libro |
| 946 ## - PROCESAMIENTO DE INFORMACIÓN LOCAL (OCLC) | |
| Iniciales del agente catalogador | cmc |
| Estatus retirado | Estado de pérdida | Fuente del sistema de clasificación o colocación | Estado de daño | No para préstamo | Colección | Biblioteca de origen | Biblioteca actual | Ubicación en estantería | Fecha de adquisición | Signatura topográfica completa | Código de barras | Visto por última vez | Copia número | Tipo de ítem Koha |
|---|---|---|---|---|---|---|---|---|---|---|---|---|---|---|
| Clasificación de Library of Congress | Automatización y Procesos Técnicos | Biblioteca Juan Bosch | Biblioteca Juan Bosch | Automatización y Procesos Técnicos (1er. Piso) | 24/04/2026 | C518 2025 | 00000199709 | 24/04/2026 | 1 | Libro |
